00995nam a22002537a 45000010005000000030006000050050017000110080041000280200018000690400029000870500015001160820014001311000019001452450085001642600038002493000050002874900022003375050008003595200274003675210020006415210020006616500029006817000031007104795FISKH20241014123302.0241014b cb ||||| |||| 00| 0 eng d a9780531228210 aFISKHbengcFISKHdFISKH aDF234.W715 a938.07092 aWilhelm, Doug  aRelentless: Alexander the Great, Master of the Ancient World /cby Doug Wilhelm  aNew York : bScholastic ; c2010. a128 pages : bcolor illustrations ;c19 cm .  a A Wicked History aZ  aAn engaging narrative about Alexander the Great who became king of Macedonia at age 20; commanded the best-trained fighting force in the ancient world; and carved a 12,000 mile-path across Asia, defeating princes, satraps, and kings to become a legend in his own time. 8 a960 bLexile 8 aZ bRaz-Plus  aBiographiesvnon-fiction aOlson, ToddSeries Editor